000 00366nam a22001217a 4500
082 _a220 PRO
100 _aRIZWAN,SAMIULLAH
_972149
245 _aPR-SOF-1117-IMPLEMENTATION OF G & M CODES ON A PROTOTYPE 4-AXIS CNC MILLING MACHINE
260 _aISLAMABAD
_bNUST COLLEGE OF EME
_c2011
650 _a DE-MECH-29
700 _aDR SYED WAHEED UL HAQ
_918639
942 _cCR
999 _c578312
_d578312